[Event "66th Bulgarian Individual Women's Chess Championship "]
[Site "Pleven"]
[Date "2017.03.06"]
[Round "9"]
[Board "3"]
[White "PEYCHEVA, Gergana"]
[Black "VOISKA, Margarita"]
[Result "0-1"]
[WhiteElo "2133"]
[BlackElo "2256"]
[PlyCount "90"]
[EventDate "2017.02.26"]
[EventRounds "9"]
[EventCountry "BUL"]

1. d4 c5 2. d5 g6 3. c4 d6 4. e4 Bg7 5. Nc3 e6 6. Nf3 Ne7 7. h4 exd5 8. cxd5
Bg4 9. Be2 Nd7 10. Be3 a6 11. Qd2 b5 12. a3 Bxf3 13. Bxf3 h5 14. O-O O-O 15.
Bh6 Nc8 16. Bxg7 Kxg7 17. g3 Ncb6 18. Be2 Re8 19. Bd3 Qf6 20. Rae1 Qd4 21. Rd1
Ne5 22. Be2 Qxd2 23. Rxd2 Rab8 24. f4 Nec4 25. Bxc4 Nxc4 26. Re2 a5 27. Rc1 f5
28. Nxb5 Rxb5 29. Rxc4 Rxe4 30. Rcxe4 fxe4 31. Rxe4 Rxb2 32. Re7+ Kf8 33. Re6
c4 34. Re3 Rb3 35. Re4 Rxg3+ 36. Kh2 Rxa3 37. Rxc4 Rd3 38. Kg2 Rxd5 39. Kf3 Rc5
40. Ra4 Ke7 41. Ke4 Ke6 42. Rd4 Rc4 43. Rxc4 d5+ 44. Kd4 dxc4 45. Kxc4 Kf5 0-1

[Event "66th Bulgarian Individual Women's Chess Championship "]
[Site "Pleven"]
[Date "2017.03.06"]
[Round "9"]
[Board "4"]
[White "SALIMOVA, Nurgyul"]
[Black "IVANOVA, Simoneta"]
[Result "1/2-1/2"]
[WhiteElo "2091"]
[BlackElo "2153"]
[PlyCount "61"]
[EventDate "2017.02.26"]
[EventRounds "9"]
[EventCountry "BUL"]

1. d4 d5 2. c4 c6 3. cxd5 cxd5 4. Nf3 Nc6 5. Nc3 Nf6 6. Bf4 a6 7. e3 Bg4 8. Be2
e6 9. Ne5 Bxe2 10. Qxe2 Bd6 11. Nd3 O-O 12. O-O Rc8 13. Rac1 Re8 14. Rfd1 Na5
15. Bxd6 Qxd6 16. Na4 Nc4 17. b3 Nb6 18. Nxb6 Qxb6 19. Rxc8 Rxc8 20. Qb2 Ne4
21. Rc1 Qd8 22. Rxc8 Qxc8 23. Qc1 Qxc1+ 24. Nxc1 Nc3 25. Kf1 Kf8 26. Ke1 Ke7
27. Kd2 Ne4+ 28. Ke2 Kd6 29. f3 Nc3+ 30. Kd2 Nb5 31. Nd3 1/2-1/2

[Event "66th Bulgarian Individual Women's Chess Championship "]
[Site "Pleven"]
[Date "2017.03.06"]
[Round "9"]
[Board "5"]
[White "SHIVACHEVA, Donika"]
[Black "YORDANOVA, Svetla"]
[Result "0-1"]
[WhiteElo "1959"]
[BlackElo "2138"]
[PlyCount "98"]
[EventDate "2017.02.26"]
[EventRounds "9"]
[EventCountry "BUL"]

1. e4 Nf6 2. e5 Nd5 3. c4 Nb6 4. d4 d6 5. exd6 cxd6 6. Nf3 g6 7. b3 Bg7 8. Bb2
O-O 9. Be2 Nc6 10. O-O a5 11. Na3 e5 12. d5 Ne7 13. Nb5 Bg4 14. Qd2 Bxf3 15.
Bxf3 Nf5 16. Rad1 Nd7 17. g3 Nc5 18. Bg2 Bh6 19. Qc2 Qb6 20. a3 a4 21. b4 Nb3
22. Bh3 Ng7 23. Rfe1 f5 24. Nxd6 Qxd6 25. c5 Qd7 26. Bxe5 Rac8 27. Bf1 f4 28.
Bc4 Kh8 29. d6 Rce8 30. Qc3 fxg3 31. fxg3 Qf5 32. Bb5 Qf2+ 33. Kh1 Rxe5 34. Rf1
Ref5 35. Rxf2 Rxf2 36. Bxa4 Nd2 37. Rxd2 Rxd2 38. Qa1 Rff2 39. Qg1 Be3 40. d7
Rfe2 41. d8=Q+ Rxd8 42. Qf1 Rf2 43. Qh3 h5 44. g4 Bf4 45. Qc3 Rxh2+ 46. Kg1
Rdd2 47. gxh5 Rhg2+ 48. Kf1 Rdf2+ 49. Ke1 Bd2+ 0-1